000 00828nam a2200253Ia 4500
003 OSt
005 20220927112204.0
006 a|||||r|||| 00| 0
007 ta
008 220926b |||||||| |||| 00| 0 eng d
024 _a116743
037 _cReports
040 _aRTL
_cRTL
_beng
041 _2eng
_aeng
082 _a"NB2,5:35.2.N60t, K1"
110 _aPlan Projects(committee of-). Building projects(team)(1960) (leader : S K Patil) (India)
_9383263
245 0 _aReport on residential buildings.
260 _aNew
_bDelhi MGIP India
_c1961
300 _a90p.
_ccm.
650 _aFine Arts
700 _aPlan Projects(committee of-). Building projects(team)(1960) (leader : S K Patil) (India)
_9383264
942 _h"NB2,5:35.2.N60t, K1"
_cCC
999 _c699884
_d699884